1563 1188 1941 1723 1900 1512 1933 1923 1918 1401 1226 1225 1430 1968 1206 1263 1627 1020 1082 1119 1019 1934 1022 1979 1388 1256 1899 1001 1635 1099 1842 1609 1813 1035 1373 1878 1786 1345 1668 1748 1704 1671 1485 1932 1643 1961 1393 1953 1198 1101 1143 1965 1792 1737 1634 1516 1488 1940 1861 1092 1902 1988 1622 1500 1928 1392 1582 2000 1667 1833 1219 1638 1536 1681 1449 1900 1827 1645 1826 1269 1748 1825 1019 1703 1560 1988 1884 1487 1203 1816 1942 1002 1601 1216 1793 1181 1147 1869 1830 BCNSPRNW ULIB Ver.6.0+V

เปลี่ยนเป็นภาษาไทย

Change to English
 แสดงรายละเอียดบรรณานุกรม
  กลับหน้าหลัก

Brief Record : Get Marc (ISO 2709) : E-mail record : QR code < ปิดหน้าต่าง
LEADER : 00000nam 2200000uu 4500
001    13399112310
003     ULIB
008    110627s2551||||th 000 0 tha d
020    9789741364242
090    นว.^bน283ร 2551
100 0  นลัท
245 00 ร้าย...ด้วยรัก/^cนลัท
250    พิมพ์ครั้งที่ 1
260    กรุงเทพฯ :^bแจ่มใส,^c2551
300    179 หน้า
710 1  แจ่มใส
945    ^p139^l0^i026775
995    ทศพร
999 ^a ใช้งานได้ทุกระบบ
รายการนี้ยังไม่มีแท็ก
คุณยังไม่ได้ล็อกอิน คุณสามารถมีกิจกรรมร่วมกับเว็บไซต์ได้ แต่ต้องล็อกอินก่อน ::
  ล็อกอิน

รายการสื่อสารสนเทศ

ลำดับที่ ประเภท เลขเรียก/บาร์โค้ด สถานที่ สถานะ
- ไม่พบข้อมูล -

รายการใกล้เคียง
    ผู้แต่ง [นลัท]

BibComment


ยังไม่เคยถูกคอมเมนท์

คอมเมนท์ทรัพยากรรายการนี้
  คอมเมนท์: ร้ายด้วยรัก นลัท


 Copyright 2026. Bcnsprnw @Library